000 00646nam a2200205Ii 4500
003 JO-AjNU
008 230606s9999||||xx |||||||||||||| ||und||
020 _a978-0-19-927-634-9
040 _aJO-AjNU
_beng
_erda
_cJO-AjNU
041 _aeng
050 1 4 _aP98.O95 2003
100 3 _aMitkov,Ruslan تأليف,
_eauthor
_92332
245 0 4 _aThe Oxford Handbook Of Computational Languistics
264 3 1 _aNew York:Oxford University Press,2003
300 _a786p
336 _atext
_btxt
_2rdacontent
337 _aunmediated
_bn
_2rdamedia
338 _avolume
_bnc
_2rdacarrier
650 4 _aThe Oxford Handbook Of Computational Languistics
_92333
999 _aE1224
_c1224
_d1224